ENGLISH LANGUGUAGE FOR LIFE 4

محفوظ في:
التفاصيل البيبلوغرافية
المؤلف الرئيسي: Phương Linh
التنسيق: كتاب
اللغة:English
منشور في: HỒNG ĐỨC 2011
الموضوعات:
الوسوم: إضافة وسم
لا توجد وسوم, كن أول من يضع وسما على هذه التسجيلة!
Thư viện lưu trữ: Mạng thư viện Đại học Đà Nẵng
LEADER 01009cam a22003131a 4500
001 000035261
003 11538
005 20151110000000.0
008 151110s2011 000 eng
041 |a eng 
082 |a 420.4  |b PH-L 
100 |a Phương Linh 
245 |a ENGLISH LANGUGUAGE FOR LIFE 4  |c Phương Linh 
260 |a HỒNG ĐỨC  |c 2011 
650 |a ENGLISH LANGUGUAGE FOR LIFE 4;Phương Linh 
852 |b Chuyên đề  |c Tiếng Anh tham khảo 1 
OWN |a LNN 
AVA |a UDN50  |b LNN  |d 420.4 PH-L  |e available  |t Error 5001 Not defined in file expand_doc_bib_avail.  |f 6  |g 0  |h N  |i 0  |k 1 
999 |a From the UDN01 
AVA |a UDN50  |b LNN  |d 420.4 PH-L  |e available  |t Error 5001 Not defined in file expand_doc_bib_avail.  |f 6  |g 0  |h N  |i 0  |k 1 
TYP |a Monograph 
TYP |a Printed language 
980 |a Mạng thư viện Đại học Đà Nẵng